LEADER 01172nam a2200265 4500 001 000000362817 003 CaOOAMICUS 005 20250515085237.0 008 250515s2007 gw 000 u ger r 020 $a978-3-16-149219-8 040 $aSeMil$bita 100 1 $aBeutel, Albrecht,$d<1957- >.$0(OLS)http://semarc/name/63421 245 10$aReflektierte Religion :$bBeiträge zur Geschichte des Protestantismus /$cAlbrecht Beutel. 264 1$aTübingen :$bMohr Siebeck,$c2007. 300 $aXI, 348 p. ;$c23 cm 650 4$aProtestantesimo - Storia.$0(OLS)http://semarc/subject/849 650 4$aPietismo.$0(OLS)http://semarc/subject/242 650 4$aTeologia - Germania - Riforma.$0(OLS)http://semarc/subject/57570 850 $aSeMil 852 $aSeMil$W1$xVenegono$y1$m2B IV 387$j256979$B253714$CSeMilBibl$Z2$F253714 $81 961 $aBuzzi mons. Franco - Omaggio 996 $6020$a978-3-16-149219-8$9(OLS)http://semarc/number/303191 996 $6245$aReflektierte Religion :$bBeiträge zur Geschichte des Protestantismus$9(OLS)http://semarc/title/453797 996 $6264$aTübingen :$bMohr Siebeck$9(OLS)http://semarc/publisher/30329 LEADER 01394nam a2200253 i 4500 001 000000194011 003 CaOOAMICUS 005 20220413105302.0 008 101103s1796 it u000 u ita u 013 $a172657 026 $ao.to lan, e.re ior- (C) 1796 (Q) 040 $aSeMil$bita 100 1 $aPes di Villamarina, Emanuele,$d<1777-1852>.$0(OLS)http://semarc/name/70536 245 10$aEmanuele Raimondo Pes di Villamarina limosiniere si S.R.M. pro-cappellano maggiore della R. Corte. 260 $a(Torino :$bper gli Eredi Avondo impressori arcivescovili),$c1796. 300 $a[1], 6 p. ;$c4°. 500 $aIl nome dell'A. compare in calce al documento. - Data del documento : 20 ottobre 1796. - Incipit del documento : E giusto, fedeli amatissimi, è doveroso il tributo di lagrime ... 650 4$aVittorio Amedeo III : di Savoia - Necrologie.$0(OLS)http://semarc/subject/36439 773 0 $t[Lettere pastorali e documenti vari.$d[S.l. : s.n.] $w()23916 850 $aSeMil 852 $aSeMil$W1$xVenegono$y1$mFV.A V 37/1$j225639$B144585$CSeMilBibl$Z2$F155917 $86 996 $6245$aEmanuele Raimondo Pes di Villamarina limosiniere si S.R.M. pro-cappellano maggiore della R. Corte$9(OLS)http://semarc/title/279680 996 $6260$a(Torino :$bper gli Eredi Avondo impressori arcivescovili)$9(OLS)http://semarc/publisher/50510